000 00584 a2200181 4500
999 _c6974
_d6974
020 _a9788131505663
050 0 0 _aHB 74 BAL 2007
100 1 _aBaldani, Jefrey
245 1 0 _aIntroduction to mathematical economics /
_c[Jeffrey Baldani, James Bradfield, Robert Turner].
264 _aLondon:
_bSouth-Western
_c2007
300 _a 531 p. :
_bill. ;
500 _aIncludes index.
650 0 _aEconomics, Mathematical.
700 1 _aBradfield, James.
700 1 _aTurner, Robert Walter.
942 _2lcc
_cBK
_h74
_iBAL
_kHB